000 00760nam a2200193 a 4500
001 000039221
005 20201002031541.0
008 130611s1990 sp 001 0 spa d
020 _a840007033X
040 _aDO-SdBNP
_bspa
_cBNPHU
100 1 _aRábanos Espinosa, Ricardo
_965407
245 1 0 _aBibliografía Joánica :
_bEvangelio, Cartas y Apocalipsis, 1960-1986 /
_cRicardo Rabanos Espinosa, Domingo Muñoz León.
260 _aMadrid :
_bConsejo Superior de Investigaciones Científicas,
_c1990.
300 _a751 p. ;
_c24 cm.
490 1 _aBiblioteca hispana biblica
_v14
500 _aIncluye referencias bibliográficas e índices
710 2 _aConsejo Superior de Investigaciones Científicas
_94786
830 0 _aBiblioteca hispana biblica
_v14
_965410
999 _c38711
_d38711